000 00339nam a22001457a 4500
020 _a81-204-0191-3
041 _aENG
100 _aBanerjee.G.C
245 _aFeeds and Principles of Animal Nutrition
250 _aRevised
260 _aNew Delhi
_bOxford & IBH Publishing
_c1998
300 _a636
650 _aDariy
856 _uAgricultural
999 _c364
_d364